| 000 | 00527nam a22001937a 4500 | ||
|---|---|---|---|
| 003 | NUST | ||
| 038 | _aa | ||
| 082 | _aBEE-4 ALI | ||
| 100 |
_aAsad Ali Malik _993412 |
||
| 245 | _aGrid-tied solar inverter | ||
| 260 |
_aIslamabad _bNUST-SEECS _c2016 |
||
| 300 |
_a90p. _b27cm. _eCD includes |
||
| 500 | _aSupervisors: Dr. Farid Gul, Mr. Nasir Mahmood | ||
| 563 | _aa | ||
| 700 |
_aDanish Hameed _993413 |
||
| 700 |
_aSaad Hamayoon _993414 |
||
| 856 | _uhttp://10.250.8.41:8080/xmlui/handle/123456789/6268 | ||
| 942 |
_cTHE _2ddc |
||
| 999 |
_c13628 _d13628 |
||